[Event "94th GER-ch"]
[Site "Ostfildern GER"]
[Date "2023.08.17"]
[Round "5.15"]
[White "Krassowizkij, Jaroslaw"]
[Black "Bracker, Arne"]
[Result "1/2-1/2"]
[WhiteElo "2445"]
[BlackElo "2267"]
[EventDate "2023.08.13"]
[PlyCount "107"]

1.e4 e5 2.Nf3 Nc6 3.Bb5 a6 4.Ba4 Nf6 5.O-O b5 6.Bb3 Bc5 7.a4 Rb8 8.c3 d6 
9.d4 Bb6 10.a5 Ba7 11.h3 O-O 12.Be3 Ra8 13.Nbd2 h6 14.Qe2 exd4 15.cxd4 Re8
16.Rfd1 Nb4 17.Rac1 Qe7 18.d5 Bc5 19.Bxc5 dxc5 20.Qe3 c4 21.Nxc4 bxc4 22.
Rxc4 Rb8 23.Ba4 Bd7 24.Qa3 c5 25.dxc6 Be6 26.Rcd4 Rec8 27.Rc1 Rc7 28.Ne5 
Na2 29.Qxe7 Rxe7 30.c7 Rc8 31.Rd8+ Kh7 32.Nd7 Nxd7 33.Rxc8 Ne5 34.Rd8 Nxc1
35.Bd7 Rxd7 36.c8=Q Rd1+ 37.Rxd1 Ne2+ 38.Kf1 Ng3+ 39.fxg3 Bxc8 40.Ke2 Bd7 
41.b4 Bb5+ 42.Kd2 Kg6 43.Kc3 Kf6 44.Rd5 Nc6 45.g4 Ke6 46.g5 h5 47.Rf5 Ne7 
48.Rf3 Nc6 49.h4 Ne5 50.Rf5 Nc6 51.g3 Ne7 52.Rf2 Nc6 53.Rf5 Ne7 54.Rf2 
1/2-1/2

[Event "94th GER-ch"]
[Site "Ostfildern GER"]
[Date "2023.08.17"]
[Round "5.16"]
[White "Stelmaszyk, Nico"]
[Black "Malek, Daniel"]
[Result "1-0"]
[WhiteElo "2337"]
[BlackElo "2321"]
[EventDate "2023.08.13"]
[PlyCount "87"]

1.e4 e6 2.d4 d5 3.Nc3 Nf6 4.Bg5 dxe4 5.Nxe4 Nbd7 6.Nf3 h6 7.Nxf6+ Nxf6 8.
Be3 Bd6 9.Bd3 O-O 10.Qe2 b6 11.Rg1 Bb7 12.g4 Nd5 13.g5 Nf4 14.gxh6 g6 15.
Bxf4 Bxf4 16.Be4 Bxe4 17.Qxe4 Bxh6 18.Rg3 Qd5 19.Qe2 Rad8 20.Kf1 Bf4 21.
Rg4 Bh6 22.Kg1 c5 23.dxc5 Qxc5 24.Rd1 Bg7 25.b3 b5 26.a4 b4 27.Rc4 Qb6 28.
Rxd8 Rxd8 29.Qe4 Bc3 30.Rc6 Qa5 31.Kg2 Kg7 32.Qc4 Qf5 33.Rc7 e5 34.Qh4 Rh8
35.Qg3 Qe4 36.h4 Qd5 37.Qg4 Rf8 38.h5 e4 39.Qxg6+ Kh8 40.Qh6+ Kg8 41.Qg5+ 
Qxg5+ 42.Nxg5 Re8 43.h6 e3 44.fxe3 1-0

[Event "94th GER-ch"]
[Site "Ostfildern GER"]
[Date "2023.08.17"]
[Round "5.17"]
[White "Buescher, Andre"]
[Black "Herrmann, Jakob"]
[Result "0-1"]
[WhiteElo "2055"]
[BlackElo "2068"]
[EventDate "2023.08.13"]
[PlyCount "44"]

1.e4 c5 2.Ne2 Nc6 3.Nbc3 g6 4.g3 Bg7 5.Bg2 e6 6.d3 d6 7.Be3 Nd4 8.O-O Ne7 
9.Qd2 O-O 10.Rfb1 Rb8 11.Nd1 Nec6 12.Nxd4 cxd4 13.Bh6 e5 14.Bxg7 Kxg7 15.
b4 b5 16.a4 a6 17.c4 bxa4 18.Rxa4 Qb6 19.b5 axb5 20.Rxb5 Qc7 21.Nb2 Bd7 
22.Qc2 Na7 0-1

[Event "94th GER-ch"]
[Site "Ostfildern GER"]
[Date "2023.08.17"]
[Round "5.18"]
[White "Feidt, Jonas"]
[Black "Bosselmann, Tom Linus"]
[Result "1/2-1/2"]
[WhiteElo "1974"]
[BlackElo "2106"]
[EventDate "2023.08.13"]
[PlyCount "100"]

1.c4 e5 2.g3 Nc6 3.Nc3 g6 4.Bg2 Bg7 5.e4 d6 6.Nge2 f5 7.d3 Nf6 8.O-O O-O 
9.Nd5 h6 10.h3 f4 11.gxf4 Nh5 12.f5 gxf5 13.exf5 Bxf5 14.Ng3 Nxg3 15.fxg3 
Qd7 16.Kh2 Bg6 17.Be3 Rxf1 18.Qxf1 Rf8 19.Qe2 Kh8 20.Rf1 Rxf1 21.Qxf1 Nd4 
22.b4 c6 23.Nc3 Nc2 24.Bxa7 Nxb4 25.Be4 Qf7 26.Qxf7 Bxf7 27.a3 Nc2 28.Bb8 
Bf8 29.c5 d5 30.Bxe5+ Kg8 31.Bf5 Bxc5 32.a4 Nd4 33.Bxd4 Bxd4 34.Ne2 Be3 
35.a5 Bd2 36.Bc8 Bxa5 37.Bxb7 c5 38.Nf4 d4 39.Kg2 Kg7 40.Kf3 Kf6 41.g4 Ke5
42.Be4 Bd2 43.Ng6+ Kf6 44.Nh4 Bb3 45.Ke2 Bc1 46.Nf3 Be6 47.Kd1 Bf4 48.Ke2 
h5 49.gxh5 Bxh3 50.Nd2 Bg4+ 1/2-1/2

[Event "94th GER-ch"]
[Site "Ostfildern GER"]
[Date "2023.08.18"]
[Round "6.1"]
[White "Kunin, Vitaly"]
[Black "Fridman, Daniel"]
[Result "1/2-1/2"]
[WhiteElo "2532"]
[BlackElo "2586"]
[EventDate "2023.08.13"]
[PlyCount "80"]

1.e4 e5 2.Nf3 Nf6 3.Nxe5 d6 4.Nf3 Nxe4 5.d3 Nf6 6.d4 d5 7.Bd3 Bd6 8.O-O 
O-O 9.Bg5 Bg4 10.Nbd2 Nbd7 11.c3 c6 12.Qc2 Qc7 13.Rfe1 Rfe8 14.Bh4 Bh5 15.
Bg3 Bg6 16.Bxd6 Bxd3 17.Bxc7 Bxc2 18.h3 Rxe1+ 19.Rxe1 Re8 20.Bf4 h6 21.
Rxe8+ Nxe8 22.Ne1 Bh7 23.Kf1 Kf8 24.Ke2 Ke7 25.h4 Nd6 26.Bxd6+ Kxd6 27.Nd3
Bxd3+ 28.Kxd3 g5 29.hxg5 hxg5 30.Nf1 Ke6 31.Ke3 Nb6 32.b3 Nc8 33.g4 Nd6 
34.Ng3 f5 35.gxf5+ Nxf5+ 36.Kf3 Nxg3 37.fxg3 Kf5 38.g4+ Ke6 39.Ke3 Kd6 40.
Kd3 b5 1/2-1/2

[Event "94th GER-ch"]
[Site "Ostfildern GER"]
[Date "2023.08.18"]
[Round "6.2"]
[White "Meister, Jakob"]
[Black "Deuer, Marius"]
[Result "1/2-1/2"]
[WhiteElo "2439"]
[BlackElo "2440"]
[EventDate "2023.08.13"]
[PlyCount "106"]

1.Nf3 Nf6 2.g3 c5 3.Bg2 Nc6 4.d4 e6 5.O-O cxd4 6.Nxd4 Qb6 7.Nxc6 bxc6 8.c4
d5 9.Nc3 Be7 10.e4 dxc4 11.e5 Nd5 12.Qg4 Kf8 13.Rd1 Ba6 14.Ne4 h5 15.Qf3 
Qc7 16.Ng5 Bxg5 17.Bxg5 c3 18.Re1 cxb2 19.Qa3+ c5 20.Rab1 Bb7 21.Qxb2 Nb6 
22.Bxb7 Qxb7 23.h4 Kg8 24.Qc2 Qc7 25.Rb5 Rc8 26.a4 Nd5 27.Be3 Nxe3 28.Rxe3
a6 29.Rb1 g6 30.Qc4 a5 31.Qa6 Kg7 32.Rb7 Qc6 33.Qa7 Rhf8 34.Rb6 Qxa4 35.
Rxe6 Rcd8 36.Rf6 Rd1+ 37.Kh2 Qb5 38.Qa6 Qxa6 39.Rxa6 Re8 40.Rxa5 Rd5 41.f4
Rd2+ 42.Kh3 Rb8 43.g4 c4 44.gxh5 gxh5 45.Rc5 Rb3 46.Rg3+ Rxg3+ 47.Kxg3 
Rd3+ 48.Kf2 c3 49.f5 Rh3 50.Kg2 Rxh4 51.Rxc3 Re4 52.Rc5 Rf4 53.e6 fxe6 
1/2-1/2

[Event "94th GER-ch"]
[Site "Ostfildern GER"]
[Date "2023.08.18"]
[Round "6.3"]
[White "Hacker, Jonas"]
[Black "Koelle, Tobias"]
[Result "0-1"]
[WhiteElo "2406"]
[BlackElo "2438"]
[EventDate "2023.08.13"]
[PlyCount "100"]

1.e4 c5 2.Nf3 d6 3.Bc4 Nf6 4.d3 Nc6 5.c3 g6 6.a4 Bg7 7.O-O O-O 8.h3 a6 9.
Re1 Rb8 10.Bb3 b5 11.axb5 axb5 12.d4 c4 13.Bc2 e5 14.d5 Na5 15.Nbd2 Qc7 
16.Ra3 Nd7 17.Nf1 Nc5 18.Be3 Nab3 19.N1d2 Nxd2 20.Qxd2 Bd7 21.Rea1 Na4 22.
b3 cxb3 23.Bxb3 Rb7 24.c4 Nc5 25.Bxc5 Qxc5 26.cxb5 Bxb5 27.Ra5 Qb6 28.Ba4 
Bh6 29.Qe1 Bxa4 30.R5xa4 Rc8 31.Ra6 Qc5 32.R6a5 Qc4 33.R5a4 Qb5 34.Ra5 Qd3
35.R5a3 Rb3 36.Rxb3 Qxb3 37.Qe2 Rc2 38.Qa6 Qb4 39.Rf1 Rc4 40.Re1 Kg7 41.h4
Rc3 42.Qe2 Bf4 43.Rf1 Rc4 44.Re1 Qc5 45.Ng5 Rc2 46.Qf3 Rc1 47.Rd1 Qc2 48.
Rf1 Qb1 49.g3 Rxf1+ 50.Kg2 Rh1 0-1

[Event "94th GER-ch"]
[Site "Ostfildern GER"]
[Date "2023.08.18"]
[Round "6.4"]
[White "Gloeckler, Christian"]
[Black "Lagunow, Raphael"]
[Result "0-1"]
[WhiteElo "2318"]
[BlackElo "2413"]
[EventDate "2023.08.13"]
[PlyCount "86"]

1.e4 e5 2.Nf3 Nc6 3.Bb5 a6 4.Ba4 Nf6 5.O-O Be7 6.Re1 b5 7.Bb3 O-O 8.h3 Bb7
9.d3 d5 10.exd5 Nxd5 11.Nbd2 Qd7 12.Ne4 Rad8 13.a3 Kh8 14.Bd2 f6 15.Nc3 
Nxc3 16.Bxc3 Bc5 17.Qd2 Ne7 18.Nh4 Bd4 19.Bb4 Bxb2 20.Ra2 Bd4 21.c3 Bb6 
22.a4 c5 23.Ba3 Qxd3 24.Qc1 Qd7 25.axb5 axb5 26.c4 b4 27.Bb2 Qd2 28.Qa1 
Qg5 29.g3 Rd3 30.Bc1 Rxg3+ 31.fxg3 Qxg3+ 32.Ng2 Bxg2 33.Bf4 Qxb3 34.Rxg2 
Qxc4 35.Bh2 Nf5 36.Rf2 Qe6 37.Bxe5 fxe5 38.Rxe5 Qg6+ 39.Rg2 Qf6 40.Qb2 c4+
41.Kh1 Bd4 42.Rxf5 Bxb2 43.Rxf6 Bxf6 0-1

[Event "94th GER-ch"]
[Site "Ostfildern GER"]
[Date "2023.08.18"]
[Round "6.5"]
[White "Poetsch, Hagen"]
[Black "Ronge, Tim"]
[Result "1/2-1/2"]
[WhiteElo "2484"]
[BlackElo "2273"]
[EventDate "2023.08.13"]
[PlyCount "81"]

1.Nf3 Nf6 2.g3 g6 3.b3 b6 4.Bg2 Bb7 5.Bb2 Bg7 6.O-O O-O 7.d3 c5 8.e4 d5 9.
exd5 Qxd5 10.Re1 Qd7 11.d4 cxd4 12.Qxd4 Nc6 13.Qxd7 Nxd7 14.Bxg7 Kxg7 15.
Na3 Nc5 16.Ne5 Nxe5 17.Bxb7 Nxb7 18.Rxe5 e6 19.Nc4 Rfd8 20.a4 Rac8 21.Kf1 
Nd6 22.Nxd6 Rxd6 23.c4 Kf6 24.Rb5 a6 25.Rb4 Rc5 26.a5 Rxa5 27.Rxa5 bxa5 
28.Ra4 Rd3 29.Rxa5 Rxb3 30.Rxa6 Rc3 31.Rc6 Rc2 32.h4 h5 33.Kg2 Rc3 34.c5 
g5 35.hxg5+ Kxg5 36.Rc8 h4 37.gxh4+ Kxh4 38.Rc7 f5 39.Re7 Rxc5 40.Rxe6 Kg5
41.Re8 1/2-1/2

[Event "94th GER-ch"]
[Site "Ostfildern GER"]
[Date "2023.08.18"]
[Round "6.6"]
[White "Colbow, Collin"]
[Black "Miller, Eduard"]
[Result "1/2-1/2"]
[WhiteElo "2409"]
[BlackElo "2324"]
[EventDate "2023.08.13"]
[PlyCount "120"]

1.e4 c6 2.d4 d5 3.exd5 cxd5 4.Bd3 Nc6 5.c3 Nf6 6.Nf3 Bg4 7.h3 Bh5 8.Bf4 e6
9.O-O Bd6 10.Bxd6 Qxd6 11.Nbd2 g5 12.Qa4 g4 13.hxg4 Nxg4 14.b4 Bg6 15.Bb5 
Kf8 16.Rfe1 Rc8 17.Bf1 h5 18.b5 Ne7 19.c4 dxc4 20.Nxc4 Qd5 21.Qb4 Rc7 22.
Nd6 h4 23.Ne5 Nf6 24.b6 axb6 25.Nb5 Rc8 26.Nxg6+ fxg6 27.Re5 Qd7 28.Rae1 
Nd5 29.Qd2 Kg7 30.Rxe6 Rc6 31.R6e5 Rf6 32.Nc3 h3 33.gxh3 Rf7 34.Ne4 Nc6 
35.Rg5 Nf4 36.Rg3 Nxh3+ 37.Bxh3 Rxh3 38.d5 Rxg3+ 39.Nxg3 Ne7 40.Qd4+ Kg8 
41.d6 Nf5 42.Nxf5 gxf5 43.Qd5 Kf8 44.Re6 Qc6 45.Qxc6 bxc6 46.d7 Rxd7 47.
Rxc6 Ra7 48.Rxb6 Rxa2 49.Rf6+ Kg7 50.Rxf5 Kg6 51.Rb5 Rc2 52.Kg2 Ra2 53.Kg3
Rc2 54.f3 Rc4 55.Re5 Kf6 56.Ra5 Rb4 57.f4 Rb1 58.f5 Rf1 59.Kg2 Rxf5 60.
Rxf5+ Kxf5 1/2-1/2

[Event "94th GER-ch"]
[Site "Ostfildern GER"]
[Date "2023.08.18"]
[Round "6.7"]
[White "Tschernatsch, Johannes"]
[Black "Dauner, Benedikt"]
[Result "1/2-1/2"]
[WhiteElo "2319"]
[BlackElo "2377"]
[EventDate "2023.08.13"]
[PlyCount "131"]

1.e4 c5 2.Nf3 e6 3.g3 Nc6 4.Bg2 Nf6 5.Qe2 e5 6.O-O Be7 7.c3 O-O 8.Na3 Re8 
9.d3 h6 10.Nc4 Bf8 11.a4 d6 12.Nfd2 Be6 13.f4 exf4 14.gxf4 d5 15.Ne3 c4 
16.d4 dxe4 17.Ndxc4 Na5 18.Nxa5 Qxa5 19.f5 Bd7 20.Bd2 Qb6 21.b4 Qd8 22.Kh1
Kh8 23.Rg1 Nh7 24.c4 Be7 25.Qh5 Bf6 26.Bc3 Bg5 27.Rae1 Nf6 28.Qh3 Bxe3 29.
Rxe3 Qc8 30.d5 Bxf5 31.Qh4 Ng4 32.h3 Ne5 33.Bxe4 Qxc4 34.Qf4 Bxe4+ 35.Qxe4
Qxe4+ 36.Rxe4 Ng6 37.Rge1 Rxe4 38.Rxe4 Rd8 39.Rd4 Rd6 40.b5 Ne7 41.Rg4 Nf5
42.Rc4 Rxd5 43.Rc7 Rd3 44.a5 Nd6 45.Be5 Nxb5 46.Rxf7 Rxh3+ 47.Kg2 Rh5 48.
Bxg7+ Kg8 49.Rxb7 Rg5+ 50.Kh2 a6 51.Bf6 Rh5+ 52.Kg2 Nd6 53.Rb6 Nc4 54.Rxa6
Nxa5 55.Ra7 Nc4 56.Rg7+ Kf8 57.Rh7 Kg8 58.Rg7+ Kf8 59.Rh7 Ne3+ 60.Kf3 Rf5+
61.Kxe3 Rxf6 62.Ke4 Kg8 63.Ke5 Kxh7 64.Kxf6 h5 65.Kg5 h4 66.Kxh4 1/2-1/2

[Event "94th GER-ch"]
[Site "Ostfildern GER"]
[Date "2023.08.18"]
[Round "6.8"]
[White "Eichstaedt, Mirko"]
[Black "Graf, Alexander"]
[Result "0-1"]
[WhiteElo "2237"]
[BlackElo "2543"]
[EventDate "2023.08.13"]
[PlyCount "108"]

1.d4 g6 2.Nf3 Bg7 3.g3 c5 4.c3 Na6 5.Bg2 Nf6 6.O-O O-O 7.Re1 d5 8.Bf4 b6 
9.Nbd2 Bb7 10.Ne5 e6 11.Nd3 Nh5 12.Be3 Qe7 13.g4 Nf6 14.h3 Rfc8 15.Qa4 h5 
16.g5 Ne4 17.Nxe4 dxe4 18.Ne5 cxd4 19.cxd4 Nb4 20.Rac1 Nd5 21.h4 Nxe3 22.
fxe3 Rc7 23.Rf1 Bxe5 24.dxe5 Rac8 25.Rxc7 Qxc7 26.Bxe4 Bxe4 27.Qxe4 Rd8 
28.a3 Rd2 29.Kf2 Rd5 30.Qf4 Qc2 31.e4 Rd2 32.Kg3 Rd7 33.Qc1 Rd2 34.Qxc2 
Rxc2 35.Rb1 Rxe2 36.Kf3 Rh2 37.Kg3 Rd2 38.Kf3 Rd3+ 39.Kf4 Rb3 40.a4 a5 41.
Rc1 Rxb2 42.Rc8+ Kg7 43.Rb8 Rb4 44.Rb7 Rxa4 45.Rxb6 Ra1 46.Ra6 Rg1 47.Rxa5
Rg4+ 48.Kf3 Rxh4 49.Ra1 Rg4 50.Rh1 Rxg5 51.Kf4 Rg4+ 52.Kf3 Kh6 53.Ke3 g5 
54.Rf1 Kg7 0-1

[Event "94th GER-ch"]
[Site "Ostfildern GER"]
[Date "2023.08.18"]
[Round "6.9"]
[White "Nemitz, Alfred"]
[Black "Dahl, Christoph"]
[Result "0-1"]
[WhiteElo "2228"]
[BlackElo "2336"]
[EventDate "2023.08.13"]
[PlyCount "74"]

1.d4 Nf6 2.Nf3 g6 3.Bg5 Bg7 4.Nbd2 O-O 5.c3 h6 6.Bxf6 Bxf6 7.e4 d6 8.Bc4 
c5 9.dxc5 dxc5 10.Qe2 Bg7 11.O-O Nc6 12.Rfe1 Qc7 13.e5 e6 14.h4 b6 15.Bd3 
Bb7 16.Rad1 Rad8 17.Nf1 h5 18.N1h2 Rd5 19.Be4 Rxd1 20.Qxd1 Rd8 21.Qb1 Ba6 
22.g4 Nxe5 23.gxh5 gxh5 24.Kh1 Bd3 25.Qc1 Bxe4 26.Rxe4 Nd3 27.Qc2 Qc6 28.
Re3 Qd5 29.Kg1 Bh6 30.Ng5 Bxg5 31.Rg3 Qe4 32.Nf3 Kf8 33.Nxg5 Qe1+ 34.Kh2 
Nxf2 35.Nxe6+ Ke7 36.Kg2 Rd2 37.Qf5 Qh1# 0-1

[Event "94th GER-ch"]
[Site "Ostfildern GER"]
[Date "2023.08.18"]
[Round "6.10"]
[White "Arndt, Magnus"]
[Black "Schulz, Lukas"]
[Result "1-0"]
[WhiteElo "2405"]
[BlackElo "2347"]
[EventDate "2023.08.13"]
[PlyCount "95"]

1.e4 c5 2.c3 d6 3.d4 Nf6 4.Bd3 g6 5.Nf3 Bg7 6.O-O O-O 7.h3 Nc6 8.d5 Ne5 9.
Nxe5 dxe5 10.c4 e6 11.Nc3 exd5 12.cxd5 Nh5 13.Re1 Bd7 14.Be3 b6 15.a3 Bf6 
16.Qd2 Be7 17.Bf1 Bd6 18.Bh6 Re8 19.Rab1 Nf4 20.Nb5 Bb8 21.d6 Bxb5 22.Bxb5
Re6 23.Bxf4 Rxd6 24.Bg5 f6 25.Bc4+ Kh8 26.Qe2 fxg5 27.Bd5 Rxd5 28.exd5 Bd6
29.Rbd1 Qd7 30.Qg4 Qxg4 31.hxg4 Rf8 32.f3 Rf4 33.Re4 Rf7 34.Kf1 Kg7 35.Ke2
Kf6 36.Kd3 b5 37.a4 b4 38.Rc4 Kg7 39.Rdc1 Rc7 40.Ke4 Kf6 41.Kd3 a6 42.Re4 
Rd7 43.Kc4 Rd8 44.Rce1 Rd7 45.g3 Rd8 46.R4e3 Rd7 47.R3e2 Kg7 48.Rxe5 1-0

[Event "94th GER-ch"]
[Site "Ostfildern GER"]
[Date "2023.08.18"]
[Round "6.11"]
[White "Stelmaszyk, Nico"]
[Black "Wachinger, Nikolas"]
[Result "1-0"]
[WhiteElo "2337"]
[BlackElo "2446"]
[EventDate "2023.08.13"]
[PlyCount "87"]

1.e4 c5 2.c3 e5 3.Nf3 Nc6 4.Bc4 Nf6 5.Ng5 d5 6.exd5 Nxd5 7.d4 cxd4 8.Nxf7 
Kxf7 9.Qf3+ Ke6 10.a4 Be7 11.Qe4 b6 12.O-O Bb7 13.cxd4 Nxd4 14.Re1 Bc5 15.
Nc3 Qd6 16.Bf4 Kd7 17.Bxe5 Rae8 18.Nxd5 Qg6 19.Nf6+ Kc8 20.Qxg6 hxg6 21.
Nxe8 Rxe8 22.Bxd4 Rxe1+ 23.Rxe1 Bxd4 24.b3 Bf6 25.f4 g5 26.fxg5 Bxg5 27.
Kf2 Kc7 28.Kg3 Bc8 29.Be6 Ba6 30.Rd1 Bf6 31.Rd7+ Kb8 32.Rf7 Be5+ 33.Kg4 
Bb7 34.g3 Be4 35.Bc4 Bg6 36.Re7 Bf6 37.Re2 Kc7 38.h4 Kd7 39.h5 Bh7 40.Kf4 
Bd8 41.Bb5+ Kc7 42.Rd2 Bf6 43.Rd7+ Kb8 44.h6 1-0

[Event "94th GER-ch"]
[Site "Ostfildern GER"]
[Date "2023.08.18"]
[Round "6.12"]
[White "Gramb, Marius"]
[Black "Krassowizkij, Jaroslaw"]
[Result "1/2-1/2"]
[WhiteElo "2219"]
[BlackElo "2445"]
[EventDate "2023.08.13"]
[PlyCount "136"]

1.e4 c6 2.d4 d5 3.e5 Bf5 4.Nd2 e6 5.Nb3 a6 6.Nf3 c5 7.dxc5 Bxc5 8.Nxc5 
Qa5+ 9.c3 Qxc5 10.Nd4 Ne7 11.Qa4+ Nd7 12.Be3 Qc8 13.f4 Be4 14.Rg1 O-O 15.
Qa3 Nc6 16.O-O-O b5 17.Bd3 Bxd3 18.Nxc6 Qxc6 19.Rxd3 a5 20.Kb1 Qc4 21.Rgd1
b4 22.Qb3 Qe4 23.Bd4 Rfb8 24.Qc2 bxc3 25.Rxc3 Qxf4 26.Rf3 Qg5 27.h4 Qg6 
28.Qxg6 hxg6 29.Rdf1 Rf8 30.b3 Rab8 31.a3 f6 32.exf6 gxf6 33.Bxf6 Nxf6 34.
Rxf6 Rxb3+ 35.Ka2 Rxf6 36.Rxf6 Rg3 37.Rxe6 Rxg2+ 38.Kb3 Rg4 39.Ra6 Kf7 40.
Rxa5 Ke6 41.Ra6+ Kf5 42.Rd6 Ke5 43.Rb6 Rg1 44.Kc3 d4+ 45.Kd3 Rg3+ 46.Kd2 
Ke4 47.Re6+ Kf5 48.Rd6 Rg4 49.a4 Rxh4 50.Kd3 Rh3+ 51.Kxd4 Rh4+ 52.Ke3 Rxa4
53.Kf3 Ra3+ 54.Kg2 Kg5 55.Rd4 Re3 56.Ra4 Kf5 57.Kf2 Re4 58.Ra6 Kg5 59.Ra5+
Kh4 60.Kg2 Re2+ 61.Kg1 g5 62.Ra3 Kg4 63.Rb3 Kf4 64.Ra3 Re3 65.Ra5 g4 66.
Ra2 Rb3 67.Kg2 Kg5 68.Ra8 Rb2+ 1/2-1/2

[Event "94th GER-ch"]
[Site "Ostfildern GER"]
[Date "2023.08.18"]
[Round "6.13"]
[White "Weishaeutel, Moritz"]
[Black "Ehmann, Thilo"]
[Result "1/2-1/2"]
[WhiteElo "2427"]
[BlackElo "2402"]
[EventDate "2023.08.13"]
[PlyCount "125"]

1.d4 Nf6 2.c4 e6 3.Nf3 Bb4+ 4.Bd2 Qe7 5.e3 b6 6.Bd3 Bb7 7.O-O Bxd2 8.Nbxd2
d6 9.e4 e5 10.Re1 O-O 11.Nb1 c5 12.d5 Nh5 13.Nc3 Bc8 14.g3 Bg4 15.Be2 g6 
16.Nd2 Bxe2 17.Qxe2 Nd7 18.a3 Ng7 19.b4 f5 20.f3 h5 21.Kh1 f4 22.Rg1 Kh7 
23.g4 hxg4 24.Rxg4 Nf6 25.Rg2 Nfh5 26.Rag1 Rh8 27.Nf1 Qf6 28.Rg4 Rhg8 29.
Qg2 Ne8 30.Nd1 cxb4 31.axb4 a5 32.bxa5 bxa5 33.Nf2 a4 34.Nh3 a3 35.Nd2 Rb8
36.Ng5+ Kh6 37.Ne6 Rb2 38.Rg5 Qf7 39.Nd8 Qf6 40.Rxh5+ Kxh5 41.Qg4+ Kh6 42.
Qh3+ Kg7 43.Qd7+ Kf8 44.Ne6+ Qxe6 45.dxe6 Rg7 46.Qa4 Rxd2 47.Rg2 Rxg2 48.
Kxg2 Re7 49.Qxa3 Rxe6 50.c5 dxc5 51.Qxc5+ Nd6 52.Kf1 Kg7 53.h4 Nf7 54.Ke2 
Rd6 55.Qc8 Rd8 56.Qg4 Kf6 57.h5 gxh5 58.Qxh5 Kg7 59.Qg4+ Kf8 60.Qe6 Rd6 
61.Qc8+ Kg7 62.Kf1 Rg6 63.Kf2 1/2-1/2

[Event "94th GER-ch"]
[Site "Ostfildern GER"]
[Date "2023.08.18"]
[Round "6.14"]
[White "Herrmann, Jakob"]
[Black "Wichmann, Cliff"]
[Result "1/2-1/2"]
[WhiteElo "2068"]
[BlackElo "2310"]
[EventDate "2023.08.13"]
[PlyCount "86"]

1.e4 e6 2.d4 d5 3.Bd3 dxe4 4.Bxe4 Nf6 5.Bf3 Nbd7 6.Ne2 Bd6 7.O-O e5 8.Ng3 
O-O 9.Nf5 Bb4 10.Bg5 Re8 11.Nc3 Bxc3 12.bxc3 e4 13.Be2 Nf8 14.Ne3 Ng6 15.
f4 h6 16.f5 hxg5 17.fxg6 fxg6 18.c4 Be6 19.d5 Bf7 20.Qd4 Qe7 21.Rad1 b6 
22.Rd2 Rad8 23.Bd1 Qa3 24.Rdf2 Rd6 25.c3 Re7 26.Qd2 Qc5 27.Ba4 Be8 28.Bb3 
Nd7 29.Qd4 Nf6 30.Re1 Bd7 31.h3 Nh5 32.Nf1 Nf4 33.Qxc5 bxc5 34.Bc2 Rf6 35.
Rxe4 Ref7 36.Kh2 Nxd5 37.Rxf6 Nxf6 38.Re5 Bf5 39.Bxf5 gxf5 40.Rxf5 Ne4 41.
Re5 Nxc3 42.Ne3 Nxa2 43.Rxc5 Nc3 1/2-1/2

[Event "94th GER-ch"]
[Site "Ostfildern GER"]
[Date "2023.08.18"]
[Round "6.15"]
[White "Bracker, Arne"]
[Black "Wong, Gengchun"]
[Result "1/2-1/2"]
[WhiteElo "2267"]
[BlackElo "2257"]
[EventDate "2023.08.13"]
[PlyCount "81"]

1.e4 c5 2.Nf3 d6 3.Bb5+ Nc6 4.O-O Bd7 5.Re1 Nf6 6.c3 a6 7.Bf1 Bg4 8.d4 
cxd4 9.cxd4 Bxf3 10.gxf3 d5 11.e5 Nh5 12.e6 f5 13.f4 g6 14.Nc3 Bg7 15.Bg2 
Nf6 16.Qb3 Na5 17.Qb4 O-O 18.Be3 Rc8 19.Rac1 Rc4 20.Qa3 b5 21.Nb1 Ra4 22.
Qc5 Rxa2 23.Nc3 Nb3 24.Qb4 Nxc1 25.Rxc1 Ra5 26.Nxd5 Nxd5 27.Bxd5 Qxd5 28.
Qxa5 Qxe6 29.Qc7 Bf6 30.Rc6 Qa2 31.Qb7 Qxb2 32.Rxa6 Qb1+ 33.Kg2 Qe4+ 34.
Qxe4 fxe4 35.Rb6 Rd8 36.Rxb5 Bxd4 37.Rb4 e5 38.fxe5 Bxe5 39.Rxe4 Bf6 40.
Rc4 Rd7 41.h3 1/2-1/2

[Event "94th GER-ch"]
[Site "Ostfildern GER"]
[Date "2023.08.18"]
[Round "6.16"]
[White "Weber, Samuel"]
[Black "Kocharin, Timur"]
[Result "1/2-1/2"]
[WhiteElo "2276"]
[BlackElo "2179"]
[EventDate "2023.08.13"]
[PlyCount "50"]

1.Nf3 d5 2.g3 g6 3.Bg2 Bg7 4.c4 dxc4 5.Qa4+ Nc6 6.Qxc4 e5 7.d3 Nge7 8.O-O 
O-O 9.Nc3 Be6 10.Qa4 h6 11.Ne4 b6 12.Bd2 Nd4 13.Rfe1 a5 14.Nc3 Rb8 15.Nb5 
Qe8 16.Nfxd4 exd4 17.Qa3 Qxb5 18.Qxe7 Qxb2 19.Bf4 Rfc8 20.Rac1 Bf8 21.Qf6 
Bg7 22.Qe7 Bf8 23.Qf6 Bg7 24.Qe7 Bf8 25.Qf6 Bg7 1/2-1/2

[Event "94th GER-ch"]
[Site "Ostfildern GER"]
[Date "2023.08.18"]
[Round "6.17"]
[White "Malek, Daniel"]
[Black "Feidt, Jonas"]
[Result "1-0"]
[WhiteElo "2321"]
[BlackElo "1974"]
[EventDate "2023.08.13"]
[PlyCount "114"]

1.e4 c6 2.d4 d5 3.e5 Bf5 4.Nd2 e6 5.Nb3 c5 6.dxc5 Bxc5 7.Nxc5 Qa5+ 8.c3 
Qxc5 9.Be3 Qc7 10.f4 Ne7 11.Be2 Nbc6 12.Nf3 O-O 13.O-O f6 14.exf6 Rxf6 15.
Nd4 Be4 16.Bd3 Nf5 17.Nxf5 exf5 18.Bxe4 dxe4 19.Qd5+ Qf7 20.Rfd1 Re6 21.
Qc5 Re7 22.Rd5 g6 23.Rad1 Rc8 24.Rd6 Rcc7 25.Qd5 Qxd5 26.R1xd5 b6 27.Kf2 
Kf7 28.Ke2 Re6 29.b3 Ke7 30.Rxe6+ Kxe6 31.Rd1 Rd7 32.Rxd7 Kxd7 33.Kd2 Ke6 
34.c4 Nb4 35.a3 Nd3 36.Kc3 Kd6 37.b4 Kc6 38.g3 Ne1 39.a4 Nf3 40.h3 a6 41.
b5+ Kb7 42.g4 Ne1 43.gxf5 gxf5 44.Bd2 Nf3 45.Bc1 Ne1 46.Kd4 Nc2+ 47.Ke5 e3
48.Kxf5 e2 49.Bd2 e1=Q 50.Bxe1 Nxe1 51.Kg5 axb5 52.cxb5 Kc7 53.Kh6 Nd3 54.
f5 Kd6 55.Kg7 Ne5 56.Kxh7 Ke7 57.Kg7 Nd7 1-0

[Event "94th GER-ch"]
[Site "Ostfildern GER"]
[Date "2023.08.18"]
[Round "6.18"]
[White "Bosselmann, Tom Linus"]
[Black "Buescher, Andre"]
[Result "1/2-1/2"]
[WhiteElo "2106"]
[BlackElo "2055"]
[EventDate "2023.08.13"]
[PlyCount "80"]

1.d4 Nf6 2.c4 e6 3.Nf3 Bb4+ 4.Nbd2 O-O 5.a3 Bxd2+ 6.Qxd2 b6 7.g3 Bb7 8.Bg2
c5 9.O-O cxd4 10.Rd1 Be4 11.Nxd4 Bxg2 12.Kxg2 d5 13.Nf3 Nc6 14.cxd5 Qxd5 
15.Qc2 Qe4 16.Qxe4 Nxe4 17.Bf4 Rfd8 18.Rxd8+ Rxd8 19.Rc1 Rc8 20.Nd4 Ne7 
21.Rxc8+ Nxc8 22.Kf3 Nf6 23.e4 Kf8 24.Nc6 Ke8 25.b4 Nd7 26.Ke2 f6 27.f3 e5
28.Be3 Nf8 29.b5 Kd7 30.Kd3 Ng6 31.a4 Nge7 32.Nxe7 Kxe7 33.Kc4 Ke6 34.Bf2 
h5 35.h3 g5 36.Be3 Nd6+ 37.Kd3 Nb7 38.Kc4 Nd6+ 39.Kd3 Nb7 40.Kc4 Nd6+ 
1/2-1/2

[Event "94th GER-ch"]
[Site "Ostfildern GER"]
[Date "2023.08.18"]
[Round "7.1"]
[White "Fridman, Daniel"]
[Black "Koelle, Tobias"]
[Result "1/2-1/2"]
[WhiteElo "2586"]
[BlackElo "2438"]
[EventDate "2023.08.13"]
[PlyCount "82"]

1.Nf3 d5 2.g3 Nc6 3.Bg2 e5 4.d3 Nf6 5.O-O Be7 6.c3 O-O 7.Qc2 a5 8.e4 dxe4 
9.dxe4 Bc5 10.Nbd2 Qe7 11.Nc4 Rd8 12.Ne3 Be6 13.b3 h6 14.Nh4 Qe8 15.Qe2 
Rd7 16.Nhf5 Kh7 17.Nd5 Qd8 18.Qb5 Nxd5 19.Qxc5 Nde7 20.Nxe7 Qxe7 21.Qb5 
Rb8 22.Be3 Qd6 23.Rfc1 Qd3 24.Qxd3 Rxd3 25.Bf1 Rd6 26.Be2 Rbd8 27.Kf1 b6 
28.Ke1 f6 29.Rd1 Rxd1+ 30.Bxd1 g5 31.a4 Kg6 32.Rb1 f5 33.exf5+ Bxf5 34.Rc1
Bd3 35.f3 e4 36.fxe4 Bxe4 37.Be2 Ne5 38.Bd4 Nd3+ 39.Bxd3 Bxd3 40.Kf2 Re8 
41.Re1 Rxe1 1/2-1/2

[Event "94th GER-ch"]
[Site "Ostfildern GER"]
[Date "2023.08.18"]
[Round "7.2"]
[White "Deuer, Marius"]
[Black "Kunin, Vitaly"]
[Result "0-1"]
[WhiteElo "2440"]
[BlackElo "2532"]
[EventDate "2023.08.13"]
[PlyCount "82"]

1.d4 Nf6 2.c4 e6 3.Nc3 Bb4 4.e3 O-O 5.Ne2 c6 6.a3 Ba5 7.b4 Bc7 8.d5 d6 9.
Bb2 a5 10.Ng3 Nbd7 11.Be2 Ne5 12.b5 cxd5 13.cxd5 exd5 14.Nxd5 Nxd5 15.Qxd5
Be6 16.Qd1 d5 17.O-O Nc4 18.Bd4 a4 19.Bd3 Qh4 20.Bxc4 dxc4 21.f4 Rfd8 22.
Qc1 Rd7 23.Qb2 f5 24.b6 Bd6 25.Qb5 Qg4 26.Rf2 Bf8 27.Ne2 Qg6 28.Nc3 Qf7 
29.Rd2 Rdd8 30.Qb2 Bd7 31.Nb5 Bc6 32.Na7 Be4 33.Rc1 Bd3 34.Kf2 Rd7 35.Nb5 
Re8 36.Be5 Bc5 37.Nd4 Rd5 38.Nf3 h6 39.Bd4 Bxd4 40.Nxd4 Qe7 41.Re1 Qh4+ 
0-1

[Event "94th GER-ch"]
[Site "Ostfildern GER"]
[Date "2023.08.18"]
[Round "7.3"]
[White "Lagunow, Raphael"]
[Black "Arndt, Magnus"]
[Result "1-0"]
[WhiteElo "2413"]
[BlackElo "2405"]
[EventDate "2023.08.13"]
[PlyCount "105"]

1.e4 e5 2.Nf3 Nc6 3.Bb5 a6 4.Ba4 Nf6 5.O-O Be7 6.Re1 b5 7.Bb3 O-O 8.c3 d5 
9.exd5 Nxd5 10.Nxe5 Nxe5 11.Rxe5 c6 12.d3 Bd6 13.Re1 Bf5 14.Qf3 Re8 15.
Rxe8+ Qxe8 16.Nd2 Qe1+ 17.Nf1 Bg6 18.g3 b4 19.c4 Nf6 20.Qxc6 Rd8 21.Qb6 
Rd7 22.Qe3 Re7 23.Qxe1 Rxe1 24.Bc2 Ng4 25.Rb1 Ne5 26.Be3 Rxb1 27.Bxb1 Nxc4
28.dxc4 Bxb1 29.Nd2 Bxa2 30.Bd4 a5 31.b3 Bc7 32.Kf1 a4 33.bxa4 Ba5 34.Ke2 
Kf8 35.Kd3 b3 36.Bc3 b2 37.Bxa5 b1=Q+ 38.Nxb1 Bxb1+ 39.Kd4 Ke8 40.Bc3 Kd7 
41.Kd5 g6 42.a5 Bc2 43.a6 Ba4 44.a7 Bc6+ 45.Ke5 h5 46.Kf6 Ke8 47.f4 Ba8 
48.f5 gxf5 49.Kxf5 Ke7 50.Bd4 Bf3 51.Kf4 Ba8 52.h4 Kf8 53.g4 1-0